| 000 | 00427nam a2200169Ia 4500 | ||
|---|---|---|---|
| 008 | 230917s9999||||xx |||||||||||||| ||und|| | ||
| 020 | _cRS795 | ||
| 040 |
_e219010 _aMAIN |
||
| 041 | _aEnglish | ||
| 082 | _a657 H614I | ||
| 100 | _aHirani, P S | ||
| 245 | 0 | _aIndustrial accounting | |
| 260 |
_aJaipur _bSunrise Publishers _c2012 |
||
| 300 | _a209 p. | ||
| 500 | _a1633 25/08/2014 IBS84 27/08/2014 Main Budget | ||
| 942 | _cBK | ||
| 999 |
_c12132 _d12132 |
||